Sega Saturn Game by Description - Statistics

General Stats
  • This quiz has been taken 41 times
  • The average score is 8 of 13
Answer Stats
Description Game % Correct
Lara Croft's first outing Tomb Raider
100%
Popular Sega arcade fighting series featuring Jacky, Sarah, Shun, etc. Virtua Fighter
94%
The first title in Capcom's hugely popular survival horror series Resident Evil
91%
A blue hedgehog races his friends and rivals Sonic R
82%
Sega arcade light gun shooter where you play as a police officer Virtua Cop
76%
Stock car racing game featuring the likes of Hornet Daytona USA
68%
3 games in one, based on a popular movie starring Bruce Willis Die Hard Trilogy
62%
Racing game with 3 stages - Desert, Forest and Mountain Sega Rally Championship
53%
Side-scrolling platform game featuring toys like Pepper Clockwork Knight
50%
Two Sega fighting game series collide in this epic fighter Fighters Megamix
47%
Control an elite firefighter to extinguish fires and rescues civilians in burning buildings Burning Rangers
41%
Superbike racing on the Isle of Man Manx TT Superbike
29%
Control John Mayor in Sega's survival horror game, the final Saturn game released in Europe Deep Fear
26%
No matching quizzes found
Score Distribution
Percent of People with Each Score
Percentile by Number Answered
Your Score History
You have not taken this quiz